000 00515nam a22002177a 4500
003 UA-OsUOA
001 64642
007 ta
008 20091106b un ||||| |||| 00| 0 ukr d
090 _a821.162.1
942 _cBK
040 _aUA-OsUOA
_bpol
_cUA-OsUOA
_dUA-OsUOA
245 _aMilczace cienie
300 _a90 с.
955 _a3
041 _apol
080 _a821.162.1
260 _aWarzsawa
_c1997
650 7 _a82 Література. Літературознавство
_2UDC
999 _c350571
_d350571